000 00501nam a2200169 a 4500
005 20140412111323.0
008 010309s19uu xx 00 eng d
020 _a0-7323-2274-X
050 _aER
_bL763 1994
245 _aThe Lion King : Simba and Nala play /
_cillustrated by Deidre Bullen.
260 _aAustralia :
_bReed for Kids,
_c1994.
300 _a1 v. (unp.) ; ill.
440 _aDisney's
650 _aLion stories - Fiction
650 _aChildrens stories -- Fiction
999 _c104454
_d104454